| 000 | 00463nab a2200145Ia 4500 | ||
|---|---|---|---|
| 003 | ES-SlBCS | ||
| 005 | 20210601125229.0 | ||
| 008 | 140529s1972 xxu||||| |||| 00| 0 eng d | ||
| 041 | _aeng | ||
| 100 | 1 |
_aEmad, Parvis _9155714 |
|
| 245 | 0 | 0 |
_aMax Scheler's Phenomenology of Shame _c Parvis Emad |
| 600 | 1 |
_aScheler, Max-Vergüenza-Fenomenología _9155715 |
|
| 773 | 0 |
_tPhilosophy and Phenomenological Research _gvol. 32, 1972, págs. 361-370 _wRev1411 |
|
| 942 | _cAR | ||
| 999 |
_c526905 _d526905 |
||